Library Logo

জেরিন আপা / (Record no. 237302)

000 -LEADER
fixed length control field 00664nam a22001937a 4500
003 - CONTROL NUMBER IDENTIFIER
control field BD-DhUL
005 - DATE AND TIME OF LATEST TRANSACTION
control field 20180121145841.0
008 - FIXED-LENGTH DATA ELEMENTS--GENERAL INFORMATION
fixed length control field 180121s2010 bg ||||| |||| 00| 0 ben d
020 ## - INTERNATIONAL STANDARD BOOK NUMBER
International Standard Book Number 9789843310774
040 ## - CATALOGING SOURCE
Original cataloging agency BD-DhUL
Transcribing agency BD-DhUL
082 ## - DEWEY DECIMAL CLASSIFICATION NUMBER
Classification number 891.443
Item number CHJ
100 1# - MAIN ENTRY--PERSONAL NAME
Personal name চৌধুরী, জাফর আহমেদ
245 1# - TITLE STATEMENT
Title জেরিন আপা /
Statement of responsibility, etc. জাফর আহমেদ চৌধুরী,
260 ## - PUBLICATION, DISTRIBUTION, ETC. (IMPRINT)
Place of publication, distribution, etc. ঢাকা :
Name of publisher, distributor, etc. জ্ঞান বিতরণী,
Date of publication, distribution, etc. ২০১০।
300 ## - PHYSICAL DESCRIPTION
Extent ১১১ পৃ. ;
Dimensions ২২ সেমি.
650 0# - SUBJECT ADDED ENTRY--TOPICAL TERM
Topical term or geographic name as entry element বাংলা উপন্যাস
650 0# - SUBJECT ADDED ENTRY--TOPICAL TERM
Topical term or geographic name as entry element Bengali fiction
942 ## - ADDED ENTRY ELEMENTS (KOHA)
Source of classification or shelving scheme
Koha item type Books
Holdings
Price effective from Date last seen Permanent Location Not for loan Date acquired Source of classification or shelving scheme Koha item type Lost status Withdrawn status Copy number Source of acquisition Collection code Damaged status Shelving location Barcode Current Location Full call number
2018-01-212018-01-21Dhaka University Library 2018-01-21 Books  1giftFiction General Stacks447828Dhaka University Library891.443 CHJ
Last Updated on September 15, 2019
© Dhaka University Library. All Rights Reserved|Staff Login